02150nam a2200277 i 4500001000700000003000700007005001700014007000300031008004100034017004900075020001800124035001300142040002900155080001900184100005000203245007500253260004600328300002700374336003200401337003100433338002400464520122900488655001201717700003701729852010601766193234SpMaBN20250804062654.0ta170531s2017 sp 000 f spa  aM 9325-2017bOficina Depósito Legal Madrid a9788491047513 aa5972368 aSpMaBNbspacSpMaBNerdc a821.112-31"20"1 aWinkler, Philipp,d1986-4aut0XX5747830eaut10aHooligan :cPhilipp Winkler ; traducido del alemán por Carlos Fortea aMadrid :bAdN Alianza de Novelas,c[2017] a297 páginas ;c22 cm aTexto (visual)2isbdcontent asin mediación2isbdmedia 2rdacarrieravolumen aToda persona tiene dos familias. Aquella en la que nace, y aquella por la que opta. " Hooligan " es la historia de Heiko Kolbe y quienes considera sus hermanos de sangre, hinchas de fútbol de la ciudad de Hannover. La madre de Heiko abandonó la familia cuando él era un niño; su padre es alcohólico y convive desde hace unos años con una mujer que trajo de Tailandia después de unas vacaciones. Heiko dejó el instituto en el último año y no tiene el título de bachillerato. Trabaja en el gimnasio de su tío paterno, Alex, líder de una banda que se encarga de organizar peleas con grupos de " hooligans " de otras ciudades vecinas. Combates organizados en lugares concretos, a determinadas horas y con reglas estrictas, que Heiko vive casi como enfrentamientos deportivos. Philipp Winkler nos habla, por un lado, de la violencia, el fanatismo y la necesidad de aceptación y pertenencia a un grupo, pero también del corazón de un chico duro que pelea para proteger lo que para él es sagrado. La prosa de Winkler se adueña del lector y le transporta a un mundo extraño dentro del nuestro. Y con " Hooligan " , se inserta en una gran tradición literaria: dar voz a los que no la tienen. 0aNovelas1 aFortea, Carlos,d1963-4trletrl aES-MaACLbR. 154633cDEPOJhDonación: Carlos ForteajN-9402xEncuadernación rústica con solapas